Corporate Hedging in the Insurance Industry <The> Use of Financial Derivatives by U.S. Insurers
Guardado en:
| Autor principal: | |
|---|---|
| Otros Autores: | , |
| Formato: | Libro |
| Lenguaje: | inglés |
| Publicado: |
Atlanta
Federal Reserve Bank of Atlanta
1996
|
| Colección: | Working Paper
96-19 |
| Materias: | |
| Etiquetas: |
Sin Etiquetas, Sea el primero en etiquetar este registro!
|
MARC
| LEADER | 00000nam a2200000 4500 | ||
|---|---|---|---|
| 001 | c019209 | ||
| 005 | 20251009085744.5 | ||
| 041 | 0 | |a eng | |
| 044 | |a US | ||
| 245 | 1 | 0 | |a Corporate Hedging in the Insurance Industry |b <The> Use of Financial Derivatives by U.S. Insurers |c J. David Cummins, Richard D. Phillips, Stephen D. Smith |
| 264 | 1 | |a Atlanta |b Federal Reserve Bank of Atlanta |c 1996 | |
| 300 | |a 36 s. | ||
| 490 | 1 | |a Working Paper |v 96-19 | |
| 830 | 0 | |a Working Paper |v 96-19 | |
| 610 | 2 | 0 | |a poisťovníctvo |
| 610 | 2 | 0 | |a zaistenie |
| 610 | 2 | 0 | |a papiere cenné |
| 610 | 2 | 0 | |a obchody termínové |
| 610 | 2 | 0 | |a poisťovatelia |
| 610 | 2 | 0 | |a hypotézy |
| 610 | 2 | 0 | |a modelovanie |
| 610 | 2 | 0 | |a USA |
| 100 | 1 | |a Cummins, J. David | |
| 700 | 1 | |a Phillips, Richard D. | |
| 700 | 1 | |a Smith, Stephen D. | |